Guess the Video Game 2. - Statistics

General Stats
  • This quiz has been taken 727 times
  • The average score is 8 of 15
Answer Stats
Character. Game. % Correct
PAC-Man PAC-Man
97%
Crash Crash Bandicoot
82%
Big Daddy Bioshock
76%
Samus Aran Metroid
74%
Altair Assassin's Creed
71%
Sackboy LittleBigPlanet
65%
Marcus Fenix Gears of War
63%
Sephiroth Final Fantasy VII
59%
Mileena Mortal Kombat
54%
Chell Portal
37%
Red Pokemon
29%
Rochelle Left 4 Dead 2
24%
Billy Coen Resident Evil
20%
Madison Paige Heavy Rain
18%
Naomi Metal Gear Solid
14%
No matching quizzes found
Score Distribution
Percent of People with Each Score
Percentile by Number Answered
Your Score History
You have not taken this quiz